Pokémon - Les attaques de Mimitoss - Statistiques

Statistiques générales
  • Ce quiz a été pris 22 fois
    12 depuis la dernière actualisation
  • Le résultat moyen est 9 sur 13
Statistiques - réponses
Niveaux Types Noms des attaques % Correct
Départ Normal Charge
100%
Niveau 11 Psy Choc Mental
89%
Niveau 23 Plante Para-Spore
89%
Niveau 29 Plante Poudre Dodo
89%
Niveau 13 Poison Poudre Toxik
89%
Niveau 47 Psy Psyko
89%
Niveau 17 Psy Rafale Psy
78%
Niveau 25 Insecte Bourdon
67%
Niveau 41 Poison Crochet Venin
56%
Niveau 5 Normal Ultrason
56%
Niveau 35 Insecte Vampirisme
56%
Départ Normal Entrave
44%
Niveau 37 Psy Psykoud'Boul
44%
Aucun quiz correspondant
Distribution des résultats
% des personnes avec chaque résultat
Percentile par nombre de réponses
Votre historique - résultats
Vous n’avez pas pris ce quiz depuis la dernière actualisation